000 01188nam2a2200229 4500
001 rc\2921587
005 20260315054803.0
035 _a(NLR Aleph) 007071731
090 _a13595612
_c13595612
100 _a20110813d1939 u y0rusy50 ca
101 0 _arus
102 _aRU
105 _ay z |||||
200 1 _aОбщая геологическая карта Европейской части СССР
_e(Тотьма, Кадников, Солигалич, Кологрив)
_hЛист 70
210 _d1939
461 0 _1001rc\2921586
_12001#$aТруды Северного геологического управления$fНКТП-СССР. Глав. геол. упр.$vВып. 1
_96387351
_aСеверное геологическое управление
_cЛенинград
_d1939-1941
_fНКТП-СССР. Глав. геол. упр.
_nГОНТИ, Ред. горно-топливной и геол.-развед. литературы
_tТруды Северного геологического управления
_vВып. 1
700 1 _aЛюткевич
_bЕ.М.
801 0 _aRU
_bNLR
_gpsbo
801 1 _aRU
_bELAR
_2rusmarc
852 _aNLR
_j39-18/2
942 _cUNSPEC
980 _aNB